Queen Victoria's UK Prime Ministers - Statistics

General Stats
  • This quiz has been taken 76 times
  • The average score is 14 of 20
Answer Stats
Hint Answer % Correct
1868-1874 William Ewart Gladstone
92%
1880-1885 William Ewart Gladstone
92%
1886 William Ewart Gladstone
92%
1892-1894 William Ewart Gladstone
92%
1868 Benjamin Disraeli
89%
1874-1880 Benjamin Disraeli
89%
1841-1846 Sir Robert Peel
87%
1837-1841 The Viscount Melbourne
85%
1885-1886 The Marquess of Salisbury
68%
1886-1892 The Marquess of Salisbury
68%
1895-1901 The Marquess of Salisbury
68%
1855-1858 The Viscount Palmerston
65%
1859-1865 The Viscount Palmerston
65%
1846-1852 Lord John Russell
55%
1865-1866 Lord John Russell
55%
1852 The Earl of Derby
48%
1858-1859 The Earl of Derby
48%
1866-1868 The Earl of Derby
47%
1894-1895 The Earl of Rosebery
47%
1852-1855 The Earl of Aberdeen
42%
No matching quizzes found
Score Distribution
Percent of People with Each Score
Percentile by Number Answered
Your Score History
You have not taken this quiz